000 00520nam a2200181Ia 4500
008 240729s9999 xx 000 0 und d
022 _a2682-3292
245 0 _aJournal of Petroleum and Mining Engineering
260 _aEgypt
260 _bSuez University
650 _a Chemical technology
650 _a Oils, fats, and waxes
650 _a Petroleum refining. Petroleum products
650 _aTechnology
856 _uhttps://doaj.org/toc/a517b46e7fd249f4aa3ff5ca5c79e0a5
942 _2ddc
942 _cDOAJEJ
999 _c69976
_d69976
945 _a1
_bMadushi Gamage
_c1
_dMadushi Gamage